000 00265pam a2200121 a 4500
020 _c
041 _aeng
100 _aBarne Kitly.
245 _aWell Meet In Engalnd
_hTextual Documents
260 _aNew York
_bPenguin Books Ltd
300 _a207p.
930 _a15279
999 _c92179
_d92179